<?xml version="1.0" encoding="UTF-8"?><?xml-stylesheet type="text/xsl" href="static/style.xsl"?><OAI-PMH xmlns="http://www.openarchives.org/OAI/2.0/" xmlns:xsi="http://www.w3.org/2001/XMLSchema-instance" xsi:schemaLocation="http://www.openarchives.org/OAI/2.0/ http://www.openarchives.org/OAI/2.0/OAI-PMH.xsd"><responseDate>2026-04-17T03:03:20Z</responseDate><request verb="GetRecord" identifier="oai:www.recercat.cat:10230/47385" metadataPrefix="marc">https://recercat.cat/oai/request</request><GetRecord><record><header><identifier>oai:recercat.cat:10230/47385</identifier><datestamp>2025-12-18T01:11:17Z</datestamp><setSpec>com_2072_6</setSpec><setSpec>col_2072_452952</setSpec></header><metadata><record xmlns="http://www.loc.gov/MARC21/slim" xmlns:dcterms="http://purl.org/dc/terms/" xmlns:xsi="http://www.w3.org/2001/XMLSchema-instance" xmlns:doc="http://www.lyncode.com/xoai" xsi:schemaLocation="http://www.loc.gov/MARC21/slim http://www.loc.gov/standards/marcxml/schema/MARC21slim.xsd">
   <leader>00925njm 22002777a 4500</leader>
   <datafield ind2=" " ind1=" " tag="042">
      <subfield code="a">dc</subfield>
   </datafield>
   <datafield ind2=" " ind1=" " tag="720">
      <subfield code="a">Soldevila-Domenech, Natalia</subfield>
      <subfield code="e">author</subfield>
   </datafield>
   <datafield ind2=" " ind1=" " tag="720">
      <subfield code="a">García Forero, Carlos</subfield>
      <subfield code="e">author</subfield>
   </datafield>
   <datafield ind2=" " ind1=" " tag="720">
      <subfield code="a">Alayo, Itxaso</subfield>
      <subfield code="e">author</subfield>
   </datafield>
   <datafield ind2=" " ind1=" " tag="720">
      <subfield code="a">Capella, Jordina</subfield>
      <subfield code="e">author</subfield>
   </datafield>
   <datafield ind2=" " ind1=" " tag="720">
      <subfield code="a">Colom, Joan</subfield>
      <subfield code="e">author</subfield>
   </datafield>
   <datafield ind2=" " ind1=" " tag="720">
      <subfield code="a">Malmusi, Davide, 1980-</subfield>
      <subfield code="e">author</subfield>
   </datafield>
   <datafield ind2=" " ind1=" " tag="720">
      <subfield code="a">Mompart, Anna</subfield>
      <subfield code="e">author</subfield>
   </datafield>
   <datafield ind2=" " ind1=" " tag="720">
      <subfield code="a">Mortier, Philippe</subfield>
      <subfield code="e">author</subfield>
   </datafield>
   <datafield ind2=" " ind1=" " tag="720">
      <subfield code="a">Puértolas Gracia, Beatriz</subfield>
      <subfield code="e">author</subfield>
   </datafield>
   <datafield ind2=" " ind1=" " tag="720">
      <subfield code="a">Sánchez, Néstor</subfield>
      <subfield code="e">author</subfield>
   </datafield>
   <datafield ind2=" " ind1=" " tag="720">
      <subfield code="a">Schiaffino, Anna</subfield>
      <subfield code="e">author</subfield>
   </datafield>
   <datafield ind2=" " ind1=" " tag="720">
      <subfield code="a">Vilagut Saiz, Gemma, 1975-</subfield>
      <subfield code="e">author</subfield>
   </datafield>
   <datafield ind2=" " ind1=" " tag="720">
      <subfield code="a">Alonso Caballero, Jordi</subfield>
      <subfield code="e">author</subfield>
   </datafield>
   <datafield ind2=" " ind1=" " tag="260">
      <subfield code="c">2021-05-11T06:59:51Z</subfield>
   </datafield>
   <datafield ind2=" " ind1=" " tag="260">
      <subfield code="c">2021-05-11T06:59:51Z</subfield>
   </datafield>
   <datafield ind2=" " ind1=" " tag="260">
      <subfield code="c">2021</subfield>
   </datafield>
   <datafield ind2=" " ind1=" " tag="520">
      <subfield code="a">Purpose: The aim of this study was to analyse the association between individual mental well-being and social, economic, lifestyle and health factors. Methods: Cross-sectional study on a representative sample of 13,632 participants (&amp;gt; 15y/o) from the Catalan Health Interview Survey 2013-2016 editions. Mental well-being was assessed with the Warwick-Edinburg Mental Well-being Scale (WEMWBS). Linear regressions were fitted to associate well-being and sociodemographic, relational, lifestyle and health variables according to minimally sufficient adjustment sets identified using directed acyclic graphs. Predictors entered the model in blocks of variable types and analysed individually. Direct and total effects were estimated. Results: Health factors significantly contributed to mental well-being variance. Presence of a mental disorder and self-reported health had the largest effect size (eta2 = 13.4% and 16.3%). The higher individual impact from a variable came from social support (β = - 12.8, SE = 0.48, eta2 = 6.3%). A noticeable effect gradient (eta2 = 4.2%) from low to high mental well-being emerged according to economic difficulties (from β = 1.59, SE = 0.33 for moderate difficulties to β = 6.02 SE = 0.55 for no difficulties). Younger age (β = 5.21, SE = 0.26, eta2 = 3.4%) and being men (β = 1.32, SE = 0.15, eta2 = 0.6%) were associated with better mental well-being. Direct gender effects were negligible. Conclusions: This study highlights health and social support as the most associated factors with individual mental well-being over socioeconomic factors. Interventions and policies aimed to these factors for health promotion would improve population mental well-being.</subfield>
   </datafield>
   <datafield tag="653" ind2=" " ind1=" ">
      <subfield code="a">Directed acyclic graphs</subfield>
   </datafield>
   <datafield tag="653" ind2=" " ind1=" ">
      <subfield code="a">Health determinants</subfield>
   </datafield>
   <datafield tag="653" ind2=" " ind1=" ">
      <subfield code="a">Health survey</subfield>
   </datafield>
   <datafield tag="653" ind2=" " ind1=" ">
      <subfield code="a">Mental health</subfield>
   </datafield>
   <datafield tag="653" ind2=" " ind1=" ">
      <subfield code="a">WEMWBS</subfield>
   </datafield>
   <datafield tag="653" ind2=" " ind1=" ">
      <subfield code="a">Well-being</subfield>
   </datafield>
   <datafield ind2="0" ind1="0" tag="245">
      <subfield code="a">Mental well-being of the general population: direct and indirect effects of socioeconomic, relational and health factors</subfield>
   </datafield>
</record></metadata></record></GetRecord></OAI-PMH>